Loading...
| Science - Chemistry | 0 | 13 | 3 | 4 | 115 | 39 | 91.38 | 3 | 3 |
| Painting & Sculpture | 0 | 10 | 0 | 1 | 100 | 69 | 96.40 | 0 | 4 |
| Literature - European Literature | 0 | 10 | 0 | 4 | 100 | 95 | 129.00 | 0 | 0 |
| Literature - British Literature | 0 | 7 | 1 | 0 | 65 | 66 | 106.57 | 2 | 3 |
| Literature - American Literature | 0 | 6 | 1 | 1 | 55 | 80 | 117.33 | 1 | 1 |
| Science - Physics | 0 | 6 | 1 | 1 | 55 | 46 | 85.50 | 1 | 3 |
| Literature - World Literature | 0 | 6 | 1 | 0 | 55 | 71 | 95.00 | 1 | 3 |
| Fine Arts - Other Fine Arts | 0 | 4 | 2 | 1 | 30 | 83 | 113.00 | 0 | 0 |
| Science - Other Science | 0 | 3 | 1 | 0 | 25 | 67 | 76.00 | 1 | 1 |
| History - American History | 0 | 2 | 0 | 1 | 20 | 140 | 141.00 | 0 | 0 |
| Science - Biology | 0 | 3 | 2 | 0 | 20 | 82 | 89.67 | 1 | 1 |
| Philosophy | 0 | 2 | 0 | 0 | 20 | 128 | 130.50 | 0 | 0 |
| Social Science | 0 | 1 | 0 | 0 | 10 | 100 | 100.00 | 0 | 1 |
| History - European History | 0 | 1 | 0 | 0 | 10 | 46 | 46.00 | 1 | 1 |
| History - World History | 0 | 1 | 0 | 0 | 10 | 129 | 129.00 | 0 | 0 |
| Any History | 0 | 1 | 0 | 0 | 10 | 68 | 68.00 | 0 | 1 |
| Fine Arts - Classical Music | 0 | 0 | 0 | 0 | 0 | 0.00 | 0 | 0 | |
| Other Academic | 0 | 0 | 1 | 0 | -5 | 0.00 | 0 | 0 |